000 00528nam a2200181Ia 4500
008 220216s9999 xx 000 0 und d
100 _aSailajadevi T.
245 0 _aMarkov chain model for planning agricultural operations in rubber: A case study
260 _bIndian Journal of Natural Rubber Research
_c1997
300 _a75-79
650 _aClimate
650 _aMarkov chain model
650 _aRainfall probability
700 _aKothandaraman R.
700 _aRao A.V.R.K.
700 _aSethuraj M.R.
942 _cBS
999 _c51100
_d51100